[Event "91st GER-ch 2020"]
[Site "Magdeburg"]
[Date "2020.08.20"]
[Round "6.6"]
[White "Bindrich, Falko"]
[Black "Hess, Max"]
[Result "1/2-1/2"]
[WhiteElo "2605"]
[BlackElo "2378"]
[Annotator "TA"]
[PlyCount "81"]
[EventDate "2020.08.16"]
[EventType "swiss"]
[EventCountry "GER"]
[SourceTitle "playchess.com"]
[Source "ChessBase"]
[SourceQuality "1"]

{[%evp 9,81,29,34,26,35,35,22,15,35,35,28,21,27,25,70,69,60,57,87,86,96,111,105,100,138,105,107,112,110,117,127,107,116,85,86,86,86,86,80,81,129,91,93,93,190,0,0,0,0,0,0,0,0,-11,0,0,0,0,0,0,0,0,0,0,0,0,0,0,0,0,0,0,0,0]} 1. Nf3 d5 2. d4 e6 3. c4 a6 4. Bg5 Be7 5. Bxe7 Nxe7 6. Nbd2 {D30: Queen's Gambit Declined: Systems without Nc3.} O-O 7. e3 Nd7 8. Bd3 {[#]} c5 $146 ({Predecessor:} 8... Nf6 9. O-O dxc4 10. Nxc4 b6 11. Rc1 Bb7 12. Nce5 Rc8 13. Qe2 b5 14. a4 c6 {1-0 (36) Mach,P (2045)-Janouch,J (1888) Kouty nad Desnou 2020}) 9. cxd5 Nxd5 10. dxc5 Nb4 11. Nb3 Qf6 12. a3 Nxd3+ 13. Qxd3 Qxb2 14. O-O Ne5 15. Nxe5 Qxe5 16. Rfd1 Qh5 17. Qe4 a5 18. Rac1 e5 19. Rd6 f6 20. Nd2 {[%cal Bb3d2,Bd2c4,Bc4d6][%mdl 32]} Qf7 21. Rb6 Rd8 22. Nc4 Qd5 23. Qxd5+ Rxd5 24. Nd6 Rd3 25. Nxb7 Rxa3 26. c6 {Hoping for Nd6.} Kf8 {[#]} (26... Rb8 $16) 27. c7 $2 (27. Nc5 $1 $18 {And now c7 would win.} Ke8 28. Rb5) 27... Ra7 $1 $11 {White should prevent ...a4.The position is equal.} 28. g4 {Black must now prevent Nd6.} Rxb7 29. Rxb7 Bxb7 {[%mdl 4096] Endgame KRB-KR} 30. Rb1 $1 {[%cal Rb1b7]} Ba6 31. Rb6 $1 {[%cal Rb6a6]} Rc3 (31... Ke8 {keeps more tension.} 32. Rxa6 Kd7 33. Kg2 e4 34. Ra7 Kc8) 32. Rxa6 {[#] Threatens to win with Ra8+.} Rxc7 33. Rxa5 {KR-KR} Kf7 34. Kg2 Kg6 35. Kg3 Rc1 36. Ra7 Rg1+ 37. Kf3 h5 38. h3 hxg4+ 39. hxg4 Rb1 40. Kg2 Rb2 41. Kg3 {Accuracy: White = 86%, Black = 87%.} 1/2-1/2

[Event "91st GER-ch 2020"]
[Site "Magdeburg"]
[Date "2020.08.20"]
[Round "6.7"]
[White "Dubiel, Jacek"]
[Black "Pfreundt, Jakob"]
[Result "1/2-1/2"]
[WhiteElo "2414"]
[BlackElo "2397"]
[Annotator "TA"]
[PlyCount "105"]
[EventDate "2020.08.16"]
[EventType "swiss"]
[EventCountry "GER"]
[SourceTitle "playchess.com"]
[Source "ChessBase"]
[SourceQuality "1"]

{[%evp 14,105,6,13,22,0,0,0,0,0,0,0,0,0,0,0,0,0,0,0,0,-15,0,-30,0,0,-4,-29,-2,-17,-6,-14,-10,-19,0,-12,-10,-23,-23,-29,-29,-29,-16,-35,-27,-31,-17,-26,-33,-17,-8,-14,-5,-5,0,0,0,-104,-114,-101,-8,-8,-8,-8,-8,-8,-8,-8,0,0,0,0,0,0,0,0,0,0,0,0,0,0,0,0,0,0,0,0,0,0,0,0,0,0]} 1. e4 e6 2. d4 d5 3. exd5 exd5 4. Nf3 Bd6 5. Bd3 Ne7 6. O-O O-O 7. Re1 Bf5 8. Bg5 f6 {C01: French: Exchange Variation.} 9. Bh4 (9. Bc1 {with more complications.} Na6 10. c4 Bxd3 11. Qxd3 Nb4 12. Qb3) 9... Qd7 10. Bg3 Bxg3 11. hxg3 Nbc6 12. c3 Rae8 13. Qc2 Bxd3 14. Qxd3 Nc8 15. Nbd2 Nd6 16. Rxe8 Rxe8 17. Re1 a5 {[%cal Ba7a5,Ba5a4][%mdl 32]} 18. Kf1 {[#]} a4 $146 ({Predecessor:} 18... Rxe1+ 19. Nxe1 Qe6 20. Qe2 Kf7 21. f3 Nf5 22. Qxe6+ Kxe6 23. Kf2 b6 24. g4 Nd6 {½-½ (86) Scharhag,W (1692)-Meyer,F (2130) Emmendingen 2012}) 19. Rxe8+ Qxe8 20. b3 Na5 21. c4 axb3 22. axb3 Nc6 23. Qe2 Qg6 24. Qe6+ (24. cxd5 {feels hotter.} Na7 25. Nc4 Nab5 26. Nxd6 Nxd6 27. Qe7) 24... Qf7 25. Qxf7+ Kxf7 $11 {[%mdl 4096] Endgame KNN-KNN} 26. Ke2 Nb4 27. g4 g5 28. cxd5 Nxd5 29. g3 Nb4 30. Nc4 Ke6 31. Ne3 c6 32. Ne1 Nb5 33. N1c2 Nxc2 34. Nxc2 {KN-KN} f5 35. gxf5+ (35. Kf3 $1 $11 {keeps the balance.}) 35... Kxf5 $17 36. f3 Nc3+ ({Better is} 36... h5 $17) 37. Kf2 {The position is equal.} h5 38. g4+ $1 hxg4 39. Ne3+ {[%mdl 64] [#] Double Attack} Ke6 {Threatens to win with ...Nb5.} 40. fxg4 Nd5 41. Ke2 Nf6 42. Kd3 Kd6 43. Kc4 b5+ 44. Kc3 Kc7 45. b4 Kd6 46. Kc2 Ne4 47. Kd3 Nf2+ 48. Ke2 Nh3 49. Kd3 Nf4+ 50. Kd2 Ke6 51. Kc2 Ne2 52. Kd3 Nf4+ 53. Ke4 {Accuracy: White = 93%, Black = 89%.} 1/2-1/2

[Event "91st GER-ch 2020"]
[Site "Magdeburg"]
[Date "2020.08.20"]
[Round "6.8"]
[White "Geue, Niklas"]
[Black "Muckle, Julius"]
[Result "0-1"]
[WhiteElo "2050"]
[BlackElo "2386"]
[Annotator "TA"]
[PlyCount "70"]
[EventDate "2020.08.16"]
[EventType "swiss"]
[EventCountry "GER"]
[SourceTitle "playchess.com"]
[Source "ChessBase"]
[SourceQuality "1"]

{[%evp 12,70,21,8,15,16,39,17,40,41,58,64,61,47,54,0,85,65,115,99,198,213,320,270,258,250,283,193,173,134,184,32,41,41,40,29,83,79,75,56,147,131,222,-33,312,309,299,25,14,-75,-97,-970,-952,-917,-497,-5306,-5281,-2135,-1680,-1405,-873]} 1. d4 d5 2. c4 c6 3. cxd5 cxd5 4. Nc3 Nf6 5. Bf4 Nc6 6. e3 a6 {6...Bf5 is more fashionable. Played by Vladislav Artemiev in June 2020.} 7. Rc1 Bg4 {D10: Slav Defence: 3 cxd5 (without early Nf3) and 3 Nc3.} 8. f3 Bf5 9. g4 (9. e4 $5 {[%cal Re4f5]} Bg6 10. Qb3 $14) 9... Bd7 {The position is equal.} 10. Bd3 {[#]} Qb6 $146 ({Predecessor:} 10... e6 11. Qd2 Rc8 12. Nge2 Na5 13. Ng3 h6 14. h4 Nc4 15. Bxc4 Rxc4 16. Kf2 Bb4 {1-0 (40) Tkachiev,V (2642)-Karjakin,S (2723) Moscow 2009}) 11. Nge2 e6 12. Kf2 Be7 13. a3 (13. h4 $14) 13... O-O (13... Qxb2 $11 14. h4 (14. Rb1 Qxa3 15. Rb3 Qa5 $11) 14... Qb6) 14. Qc2 h6 15. h4 Ne8 (15... Rac8 $16 {is a better defense.}) 16. g5 $18 Bd6 (16... Qd8 {was necessary.} 17. Rcg1 (17. gxh6 Bxh4+ 18. Kg2 g5 $16) 17... Kh8) 17. gxh6 Bxf4 18. Nxf4 gxh6 19. Rcg1+ Kh8 20. Nh5 Ne7 21. Rg3 $2 (21. Qd2 $1 $18) 21... e5 $14 22. Ne2 Rc8 23. Qd2 e4 (23... Bf5 $11 {keeps the balance.}) 24. fxe4 $16 dxe4 25. Bxe4 Nd6 ({Black should try} 25... Bc6 $14 26. Bxc6 Rxc6) 26. Bd3 {Strongly threatening e4.} Bc6 (26... f5 $16) 27. Rc1 $2 ({Only move:} 27. e4 $1 $18 Nxe4+ 28. Bxe4 Bxe4 29. Qf4) 27... Nef5 $2 {[%mdl 8192] [#]} (27... Be4 $1 $15) 28. Rg4 $1 $18 Rce8 {[#]} 29. Bxf5 $2 (29. Rc5 $1 $18 {[%cal Rc5f5]} Re4 30. Rxf5 Rxg4 31. Rf6 {[%mdl 64] Double Attack}) 29... Nxf5 $11 30. Qd3 (30. e4 $11 Bxe4 31. Rc5) 30... Nxe3 $17 31. Rg3 $2 {[%mdl 8192]} (31. Rg7 $17 Re4 32. Nf6 Kxg7 33. Nxe4 Ng4+ 34. Kg1) 31... Bb5 $19 {Black is clearly winning.} 32. Qd2 Bxe2 33. Ng7 (33. Qxe2 $142 Nf5 34. Qd3 Nxg3 35. Nxg3) 33... Qf6+ {[%mdl 64] Double Attack} 34. Kxe2 Nf1+ 35. Nxe8 Rxe8+ {Accuracy: White = 40%, Black = 47%.} 0-1

[Event "91st GER-ch 2020"]
[Site "Magdeburg"]
[Date "2020.08.20"]
[Round "6.9"]
[White "Andre, Gordon"]
[Black "Stern, Rene"]
[Result "0-1"]
[WhiteElo "2373"]
[BlackElo "2526"]
[Annotator "TA"]
[PlyCount "100"]
[EventDate "2020.08.16"]
[EventType "swiss"]
[EventCountry "GER"]
[SourceTitle "playchess.com"]
[Source "ChessBase"]
[SourceQuality "1"]

{[%evp 13,100,8,21,3,37,22,25,31,29,26,32,36,44,26,14,13,24,0,0,0,0,8,8,-51,-57,-70,-75,-65,-1,-27,-16,-50,0,0,0,0,0,0,0,0,30,47,46,-57,-29,-59,-59,-115,-132,-134,0,0,0,-168,0,0,0,0,0,0,0,0,12,0,0,-436,-424,-374,-372,-1136,-1092,-1037,-441,-438,-425,-379,-427,-420,-407,-482,-489,-465,-426,-904,-884,-821,-698,-635,-493]} 1. d4 d5 2. c4 e6 3. Nc3 Be7 4. Nf3 Nf6 5. Bf4 O-O 6. e3 b6 7. Qc2 {7.Bd3 is a critical line.} c5 8. cxd5 {D37: Queen's Gambit Declined: 5 Bf4.} exd5 9. Be2 Bb7 10. O-O {White has an edge.} Nbd7 11. Rfd1 a6 12. Ne5 Rc8 13. Qf5 cxd4 {[#]} 14. exd4 $146 ({Predecessor:} 14. Rxd4 Nc5 15. Bf3 Ne6 16. Rdd1 Nxf4 17. exf4 Qd6 18. g4 Qe6 19. Qd3 Rfd8 20. g5 {1-0 (35) Akshat,K (2367)-Gonzalez Perez,A (2494) Sitges 2014}) 14... b5 15. Rd3 b4 {aiming for ...Nxe5.} 16. Nd1 g6 17. Qh3 $1 Rc2 18. Re3 (18. Bf3 $11) 18... Nxe5 $15 19. Bxe5 Bc8 20. Qh6 Re8 (20... Ne8 $15 21. h4 Rc6) 21. Bd3 $11 Rc6 {Hoping for ...Nh5.} 22. Rf3 Bf8 23. Qf4 {[%cal Re5f6]} Bg7 24. Ne3 Rf8 $36 {[%mdl 2048] ...Nh5 is the strong threat. Black has the initiative.} 25. g4 Ne8 26. Bxg7 Nxg7 27. Qh6 {Threatens to win with Rh3.} Ne6 $1 28. h4 ({White should play} 28. Rh3 $14 Ng5 29. Rg3) 28... Nxd4 29. Rf4 Ne6 30. Rxb4 ({White should try} 30. Rf5 $1 $15 gxf5 31. Bxf5) 30... Qd6 $17 31. a3 d4 {[#]} (31... Rd8 $17 32. Rd1 Qe5) 32. Nf5 $1 $11 {[%cal Rf5d6][%mdl 512]} Qc7 (32... gxf5 33. Bxf5) 33. Re1 $2 (33. Nxd4 $11 {and White is okay.} a5 34. Nxc6 axb4 35. Nxb4) 33... Rd8 $2 (33... gxf5 $19 34. Bxf5 f6 35. Bxe6+ Rxe6 36. Rxe6 Bxe6 37. Rxd4 Qc6) 34. Rxd4 Rxd4 35. Nxd4 Rd6 36. Nxe6 Bxe6 37. Qf4 Qb6 38. Bf1 Rd4 39. Qf6 $2 {[%mdl 8192]} (39. Re4 $11 Rxe4 40. Qxe4) 39... Rxg4+ $19 40. Kh2 {intending Rd1.} Qd6+ 41. Re5 $2 (41. Qe5 Rxh4+ 42. Kg1 Rg4+ 43. Bg2) 41... Re4 42. f4 Qd2+ (42... Qd4 $142 43. Rxe6 Qf2+ {[%mdl 64] Double Attack} 44. Bg2 Rxe6) 43. Bg2 Rxf4 44. Re2 Qd6 (44... Rxf6 $2 45. Rxd2 Rf4 46. b4 $19) ({Much less strong is} 44... Qxe2 45. Qxf4 Qxb2 46. Qd6 $19) 45. Qe5 Rxh4+ 46. Kg3 Qd8 {Black is clearly winning.} ({Less strong is} 46... Rg4+ 47. Kh2 $19) 47. Bf3 Rd4 {Strongly threatening ...Qh4+.} ({Don't play} 47... Rh3+ 48. Kg2 $19) 48. Rh2 (48. Kg2 $142) 48... h5 49. Be4 {[#]} Bf5 $1 50. Bxf5 Rd5 {Accuracy: White = 67%, Black = 79%.} 0-1

[Event "91st GER-ch 2020"]
[Site "Magdeburg"]
[Date "2020.08.20"]
[Round "6.10"]
[White "Braun, Georg"]
[Black "Voege, Tobias"]
[Result "1-0"]
[WhiteElo "2360"]
[BlackElo "2326"]
[Annotator "TA"]
[PlyCount "33"]
[EventDate "2020.08.16"]
[EventType "swiss"]
[EventCountry "GER"]
[SourceTitle "playchess.com"]
[Source "ChessBase"]
[SourceQuality "1"]

{[%evp 9,33,54,60,60,54,24,22,17,32,17,297,280,525,503,593,612,611,547,610,610,595,587,595,604,595,581]} 1. e4 c5 2. Nf3 b6 3. d4 cxd4 4. Nxd4 Bb7 5. Nc3 a6 6. Bg5 {B27: Sicilian: 2 Nf3, unusual Black 2nd moves.} Qc7 7. Bd3 {is the legacy move (7.Qd2).} e6 8. O-O {The position is equal.} Bd6 9. Kh1 {[#] Black must now prevent Bxa6!} Ne7 $146 {[%mdl 8192] [#] Loses the game.} (9... Bc5 $11 {and Black stays safe.} 10. Nb3 Be7) ({Predecessor:} 9... Be5 10. Be3 Nc6 11. Nde2 Nf6 12. f4 Bxc3 13. Nxc3 d6 14. a4 O-O 15. Rf3 Nb4 {½-½ (36) Macieja,B (2613)-Bauer,C (2622) West Bromwich 2004}) 10. Bxa6 $1 $18 {[%mdl 512]} Be5 $2 (10... Nxa6 {keeps fighting.} 11. Ndb5 {[%mdl 64] Double Attack, Discovered Attack} Qc6) (10... Rxa6 11. Ndb5) 11. Ndb5 {White is clearly winning.} Qc6 12. Bxb7 Qxb7 {[#]} 13. Qd6 $3 {[%csl Gg5][%cal Rd6e7][%mdl 512]} O-O (13... Bxd6 14. Nxd6+) 14. Qxe5 f6 15. Qc7 Qxc7 16. Nxc7 Ra7 17. N7b5 {Accuracy: White = 87%, Black = 40%.} 1-0

[Event "91st GER-ch 2020"]
[Site "Magdeburg"]
[Date "2020.08.20"]
[Round "6.11"]
[White "Ehmann, Thilo"]
[Black "Florstedt, Johannes"]
[Result "1-0"]
[WhiteElo "2329"]
[BlackElo "2350"]
[Annotator "TA"]
[PlyCount "71"]
[EventDate "2020.08.16"]
[EventType "swiss"]
[EventCountry "GER"]
[SourceTitle "playchess.com"]
[Source "ChessBase"]
[SourceQuality "1"]

{[%evp 15,71,28,28,29,23,22,25,26,27,0,0,0,0,0,0,0,0,0,0,0,0,0,0,0,0,0,0,0,0,0,0,-62,85,-14,-7,-62,-62,-62,-66,-53,-64,-146,-140,-156,-153,-202,-150,-242,-268,-279,5701,5693,29969,29970,12673,12439,29996,29997]} 1. e4 c5 2. Nf3 d6 3. d4 cxd4 4. Nxd4 Nf6 5. Nc3 a6 6. f3 e5 7. Nb3 Be6 8. Be3 h5 9. Nd5 {B90: Sicilian Najdorf: Unusual White 6th moves, 6 Be3 Ng4 and 6 Be3 e5.} Bxd5 10. exd5 Nbd7 11. Qd2 {White has an edge.} g6 12. Na5 {12.0-0-0 is the modern continuation.} Qc7 13. a4 {has lost popularity (13.c4).} Bg7 14. Nc4 e4 15. a5 exf3 16. gxf3 O-O 17. O-O-O Rfe8 18. Kb1 Ne5 19. Nb6 $1 {[%cal Rb6a8]} Rab8 $36 {[%mdl 2048] Black has some pressure.} 20. Be2 {[#]} Nfd7 $146 ({Predecessor:} 20... Re7 21. Bd4 Rbe8 22. Qb4 Ned7 23. Bc4 Nxb6 24. Bxb6 Qb8 25. Bb3 Re2 26. Bc4 R2e5 {½-½ (43) Pirs,M (2534)-Murray,T (2554) ICCF email 2014}) 21. f4 Ng4 22. Bxg4 hxg4 23. Rhg1 ({White should play} 23. f5 $11) 23... Nf6 (23... Re4 $15 {keeps the upper hand.}) 24. Qd3 (24. f5 $1 $16) 24... Re4 $11 25. Rdf1 (25. Bd2 $11) 25... Rbe8 $15 26. Bd4 Nh5 27. Bxg7 Kxg7 28. f5 ({White should try} 28. Rxg4 $15 Qc5 29. Qd2) 28... Qc5 $1 $17 29. fxg6 f5 $1 30. Qd2 Re2 31. b4 (31. Qd3 $17 {keeps fighting.} R2e4 32. Na4) 31... Qb5 $1 $19 ({Weaker is} 31... Rxd2 32. bxc5 dxc5 33. Rxf5 $11) 32. Qd4+ Kxg6 $4 {[%mdl 8192] [#]} (32... R8e5 $19 33. Rxf5 R2e4 34. Rxg4 Rxd4 35. Rf7+ Kg8 $1 {[%mdl 512]} 36. Rxd4 Qe2) 33. Rxg4+ $1 $18 {[%mdl 512]} fxg4 34. Qxg4+ Kh6 35. Rf5 {[%csl Gg4][%cal Rf5h5]} Ng7 36. Qh4+ {Accuracy: White = 58%, Black = 68%.} 1-0

[Event "91st GER-ch 2020"]
[Site "Magdeburg"]
[Date "2020.08.20"]
[Round "6.12"]
[White "Trifan, Andrei Ioan"]
[Black "Nguyen, Alex Dac-Vuong"]
[Result "1/2-1/2"]
[WhiteElo "2249"]
[BlackElo "2366"]
[Annotator "TA"]
[PlyCount "36"]
[EventDate "2020.08.16"]
[EventType "swiss"]
[EventCountry "GER"]
[SourceTitle "playchess.com"]
[Source "ChessBase"]
[SourceQuality "1"]

{[%evp 11,36,4,17,0,0,-40,-43,-69,-16,-120,-74,-96,-92,-100,-23,-14,-25,-35,-35,-37,-16,-17,0,-40,0,-16,0]} 1. e4 c6 2. d4 d5 3. exd5 cxd5 4. c4 Nf6 5. Nc3 Nc6 6. Nf3 Bg4 7. Bg5 {B13: Caro-Kann: Exchange Variation and Panov-Botvinnik Attack.} Qa5 {Recently 7...e6 got a lot of attention.} 8. Be2 dxc4 {Strongly threatening ...Bxf3.} 9. Bxf6 {Black is slightly better.} exf6 (9... gxf6 $15 10. h3 Bh5) 10. d5 {[#]} (10. Nd2 $11 {remains equal.} Be6 11. Nxc4 Bxc4 12. Bxc4) 10... O-O-O $146 ({Predecessor:} 10... Bxf3 11. gxf3 O-O-O 12. O-O Bd6 13. Bxc4 Qb4 14. Qb3 Ne5 15. Nb5 Kb8 16. Rfc1 Qd2 {0-1 (27) Heuer,V-Tal,M Viljandi 1972}) 11. Nd2 Bxe2 12. Qxe2 Ne5 (12... Bb4 $1 $17 13. O-O-O (13. dxc6 $2 Bxc3 14. cxb7+ Kb8 $19) 13... Bxc3 14. Nxc4 {[#]} Bxb2+ $1 {[%mdl 512]} 15. Kxb2 Qb4+ 16. Ka1 Ne5 $1 {[%mdl 512]}) 13. Nxc4 $11 Nxc4 14. Qxc4+ Qc7 15. Qg4+ Qd7 16. Qc4+ Qc7 17. Qg4+ Qd7 18. Qc4+ Qc7 {Accuracy: White = 57%, Black = 63%.} 1/2-1/2

[Event "91st GER-ch 2020"]
[Site "Magdeburg"]
[Date "2020.08.20"]
[Round "6.13"]
[White "Tschernatsch, Johannes"]
[Black "Neurohr, Juergen"]
[Result "1-0"]
[WhiteElo "2241"]
[BlackElo "2022"]
[Annotator "TA"]
[PlyCount "89"]
[EventDate "2020.08.16"]
[EventType "swiss"]
[EventCountry "GER"]
[SourceTitle "playchess.com"]
[Source "ChessBase"]
[SourceQuality "1"]

{[%evp 11,89,0,0,0,0,0,0,0,0,0,0,0,0,0,53,35,71,0,0,0,0,-7,0,-68,-10,-9,-11,-10,33,30,51,44,42,50,54,49,68,83,90,26,50,50,41,54,89,77,153,143,147,127,147,143,140,75,75,75,75,82,132,141,156,103,116,122,379,379,379,371,573,573,573,504,504,379,371,371,562,540,29971,29971]} 1. Nf3 Nf6 2. c4 g6 3. b3 Bg7 4. Bb2 O-O 5. g3 d6 6. d4 {[#]} e5 $1 {[%mdl 512]} 7. dxe5 {E60: King's Indian: Unusual lines and Fianchetto Variation without Nc3.} dxe5 {outshines the older 7...Ng4.} 8. Qxd8 Rxd8 9. Nxe5 {The position is equal.} Na6 10. Nd3 Bf5 11. Nc3 Re8 {Threatens to win with ...Bxd3.} 12. O-O-O {[#]} Rad8 $146 (12... Bxd3 $11 13. exd3 Ng4) ({Predecessor:} 12... Bxd3 13. exd3 Ng4 14. Rd2 {½-½ (14) Powers Roibal,F (2387)-Rodriguez,K (2342) ICCF email 2019}) 13. Bg2 c6 14. h3 (14. Rhf1 $16) 14... Bh6+ $1 $11 15. f4 Bxd3 16. exd3 Re3 17. Rhg1 ({Better is} 17. g4 $1 $11 Bg7 18. Rhe1 Rxe1 19. Rxe1) 17... Rdxd3 (17... Rxg3 $15 18. Ne2 Re3 19. Bxf6 Rd6) 18. Rxd3 Rxd3 19. Ne2 $1 Bg7 (19... Nh5 {looks sharper.} 20. Rd1 Nb4 21. Rxd3 Nxd3+ 22. Kb1 Nxb2 23. Kxb2 Bf8) 20. Rd1 $36 {[%mdl 2048] White is pushing.} Nc5 21. Bd4 Rxd1+ 22. Kxd1 Nfd7 23. Be3 f5 24. Kc2 a6 25. Nc3 (25. b4 $16) 25... Bf8 26. b4 Ne6 27. b5 axb5 28. cxb5 cxb5 (28... Nd8 $142) 29. Bxb7 $16 b4 30. Nd5 Ndc5 31. Bc8 Kf7 32. g4 (32. Nxb4 $142 Ne4 33. Nd3) 32... Bd6 33. gxf5 gxf5 34. Nxb4 Nxf4 35. Bxf5 h5 {[#]} 36. a3 (36. Kc3 $142 $1) 36... Kf6 37. Bc8 Kg5 $2 {[%mdl 8192] Now Black is done in.} (37... Nce6 $16 {was worth a try.}) 38. Nd5 $18 Ncd3 39. a4 {[%cal Ba3a4,Ba4a5,Ba5a6,Ba6a7][%mdl 32]} Kh4 (39... Kg6 $142 40. Nxf4+ Nxf4) 40. Nxf4 {[%mdl 64] Overworked Piece} Nxf4 41. Bf2+ Kg5 42. a5 Nd5 43. Kb3 Kf4 (43... Nc7 $142 44. a6 Nxa6 45. Bxa6 Bh2) 44. a6 {a7 is the strong threat.} Ne7 45. a7 {Accuracy: White = 78%, Black = 53%.} 1-0

[Event "91st GER-ch 2020"]
[Site "Magdeburg"]
[Date "2020.08.20"]
[Round "6.14"]
[White "Schulte, Felix"]
[Black "Bastian, Herbert"]
[Result "1-0"]
[WhiteElo "2174"]
[BlackElo "2272"]
[Annotator "TA"]
[PlyCount "111"]
[EventDate "2020.08.16"]
[EventType "swiss"]
[EventCountry "GER"]
[SourceTitle "playchess.com"]
[Source "ChessBase"]
[SourceQuality "1"]

{[%evp 16,111,58,64,96,105,129,129,145,137,128,83,75,84,69,67,134,108,101,87,104,89,91,78,84,78,94,93,97,51,110,103,109,112,110,112,120,76,95,95,97,90,120,97,131,0,0,0,0,0,0,0,0,0,0,0,48,5,13,0,13,0,85,15,10,12,27,-5,12,0,7,0,8,8,8,0,8,4,2,7,111,62,62,62,275,231,184,0,0,0,8,8,8,8,4137,4137,4137,4137]} 1. d4 Nf6 2. c4 g6 3. f3 Bg7 4. e4 d6 5. Nc3 O-O 6. Nge2 e5 7. Bg5 h6 8. Be3 c6 9. Qd2 Kh7 {E81: King's Indian: Sämisch: 6th move deviations (including 6 Be3 c6).} 10. O-O-O {Black must now prevent dxe5.} Qa5 11. Kb1 b5 {White is better.} 12. cxb5 cxb5 {Black wants to play ...b4.} 13. Nd5 Qxd2 14. Nxf6+ ({Of course not} 14. Rxd2 Nxd5 15. exd5 Re8 $11) 14... Bxf6 15. Rxd2 {[#]} Nc6 $146 (15... a6 $14) ({Predecessor:} 15... b4 16. dxe5 dxe5 17. Bc5 Re8 18. Bxb4 Be6 19. Nc1 Nc6 20. Bc3 Rab8 21. f4 Kg7 {½-½ (31) Sasata,R (2320)-Grumic,S (2178) Calgary 1998}) 16. d5 Na5 17. b3 Bd8 18. Nc3 a6 19. Bd3 Bd7 20. Rc1 Kg7 21. Rdc2 Rb8 22. Nd1 f5 (22... Nc4 $1 $14) 23. Nb2 $16 Rf7 24. b4 Nc4 25. Bxc4 bxc4 26. Rxc4 ({Much weaker is} 26. Nxc4 $6 Rxb4+ 27. Rb2 Rxb2+ 28. Kxb2 Be7 $14) 26... fxe4 27. fxe4 a5 28. a3 Bg4 29. R1c2 Rfb7 {[%cal Ra5b4]} 30. Nd3 (30. Bd2 $16) 30... Bd7 $11 31. Rb2 Bb5 32. Rc3 axb4 33. Nxb4 Ba5 34. Bd2 Bf1 35. Rg3 Bd8 36. Rc2 (36. Rf3 $5 {[%cal Rf3f1]} Bb5 37. Rc3 $11) 36... Bh4 37. Rgc3 Bd8 38. Ka2 Ra8 {[#]} (38... Ba5 $1 $11 {remains equal.}) 39. Rb3 ({White should try} 39. Nc6 $1 $16) 39... g5 40. Be1 Ba5 41. Kb2 Rf7 42. Re3 Bb6 43. Rf3 Rxf3 44. gxf3 Rf8 45. Rc6 Bc5 46. Bc3 {Bxe5+! is the strong threat.} Kg8 47. Na6 Bb5 (47... Bd4 $11) 48. Rxc5 dxc5 49. Nxc5 Rxf3 $2 (49... Rc8 $14 50. Bb4 Ra8) 50. Bxe5 $16 {[%mdl 4096] Endgame KRB-KBN} Re3 51. a4 $2 (51. Bd4 $18 Rh3 52. a4 Rxh2+ 53. Kb3) 51... Bxa4 $1 $11 52. d6 Kf7 53. Nxa4 Rxe4 {[%mdl 64] Double Attack} 54. d7 Ke7 $2 {[%mdl 8192] [#]} (54... Re2+ $11 55. Kc3 Ke7) 55. Bf6+ $1 $18 {[%mdl 512]} Kxd7 (55... Kxf6 56. d8=Q+) 56. Nc5+ {[%mdl 64] Double Attack. Accuracy: White = 68%, Black = 67%.} 1-0